Isolation sonore et acoustique architecturale : problémes techniques et solutions pratiques /

Uloženo v:
Podrobná bibliografie
Hlavní autor: Raes, Auguste-Constant (Autor)
Médium: Kniha
Jazyk:francouzština
Vydáno: Paris : Chiron, 1964
Vydání:[1ére éd.]
Témata:
On-line přístup: Získat plný text
Tagy: Přidat tag
Žádné tagy, Buďte první, kdo vytvoří štítek k tomuto záznamu!

MARC

LEADER 00000cam a2200000 4500
003 SK-BrCVT
005 20220617223414.0
008 070521s1964 fr e ||||||fre d
035 |a CVTIDW1412718 
040 |b slo  |a CVTI SR  |e AACR2 
041 0 |a fre 
044 |a fr 
080 |a 534.8:69  |2 UDC-MRF 
080 |a 699.844  |2 UDC-MRF 
100 1 |a Raes, Auguste-Constant  |4 aut 
245 1 0 |a Isolation sonore et acoustique architecturale :  |b problémes techniques et solutions pratiques /  |c Auguste-Constant Raes 
250 |a [1ére éd.] 
260 |a Paris :  |b Chiron,  |c 1964 
300 |a 383 s. :  |b fotogr., grafy, lit., obr., tab. ; 
653 1 |a zvuková izolácia  |a stavebná akustika 
910 |b A195888 
974 |f Knihy 
992 |a AMG 
999 |c 154478  |d 154478